[Event "Monarch Assurance Isle of Man 12th"]
[Site "Port Erin IOM"]
[Date "2003.10.02"]
[Round "6.5"]
[White "Davies, Nigel"]
[Black "Lputian, Smbat G"]
[Result "0-1"]
[WhiteElo "2482"]
[BlackElo "2623"]
[PlyCount "108"]
[EventDate "2003.09.27"]
[EventType "swiss"]
[EventRounds "9"]
[EventCountry "IOM"]
[SourceTitle "BritBase"]
[SourceDate "2008.07.14"]
[SourceVersion "1"]
[SourceVersionDate "2008.07.14"]
[SourceQuality "2"]

1. c4 e6 2. g3 d5 3. Bg2 Nf6 4. Nf3 Be7 5. O-O O-O 6. d4 Nbd7 7. Qc2 c6 8. b3
b6 9. Rd1 Ba6 10. Nbd2 Rc8 11. e4 Bb7 12. Bb2 Qc7 13. e5 Ne8 14. Nf1 Qb8 15.
cxd5 cxd5 16. Qd2 a5 17. Ne1 Nc7 18. Nd3 Qa7 19. a3 Qa6 20. Ne3 Qb5 21. Nc1 Ba6
22. Bf1 Qc6 23. Nd3 Qb7 24. f4 f6 25. Bh3 fxe5 26. fxe5 Bg5 27. Bg2 Qc6 28. Nf4
Qb5 29. Rac1 Qxb3 30. Rc3 Qa4 31. Rdc1 Nc5 32. dxc5 d4 33. Qc2 b5 34. Qxa4 bxa4
35. Rc4 dxe3 36. Rxa4 e2 37. Bf3 Nd5 38. Bxd5 exd5 39. Rxa5 Bc4 40. e6 Rxf4 41.
gxf4 Bxf4 42. Ra1 Re8 43. Bc3 Be3+ 44. Kg2 d4 45. Kf3 Rxe6 46. Be1 Bd3 47. Ra8+
Kf7 48. Ra7+ Kg6 49. Rd7 Rf6+ 50. Kg3 Be4 51. Re7 Bf4+ 52. Kh3 Kf5 53. Rxg7 d3
54. Rxh7 d2 0-1

[Event "Monarch Assurance Isle of Man 12th"]
[Site "Port Erin IOM"]
[Date "2003.10.02"]
[Round "6.6"]
[White "Van der Weide, Karel"]
[Black "Kotronias, Vasilios"]
[Result "1-0"]
[WhiteElo "2412"]
[BlackElo "2602"]
[PlyCount "77"]
[EventDate "2003.09.27"]
[EventType "swiss"]
[EventRounds "9"]
[EventCountry "IOM"]
[SourceTitle "BritBase"]
[SourceDate "2008.07.14"]
[SourceVersion "1"]
[SourceVersionDate "2008.07.14"]
[SourceQuality "2"]

1. e4 d5 2. exd5 Qxd5 3. Nc3 Qa5 4. d4 Nf6 5. Nf3 c6 6. Bc4 Bf5 7. Bd2 e6 8.
Nd5 Qd8 9. Nxf6+ Qxf6 10. Qe2 Nd7 11. O-O-O Nb6 12. Bb3 Bg4 13. d5 Bxf3 14.
gxf3 cxd5 15. Qb5+ Kd8 16. Kb1 Bd6 17. c4 Rc8 18. cxd5 e5 19. f4 exf4 20. Rhe1
Qf5+ 21. Ka1 Rc5 22. Qe2 Rc7 23. Bc3 Rxc3 24. bxc3 Nd7 25. Qb5 Kc8 26. Ba4 Nc5
27. Rd4 Kb8 28. Rc4 Qc8 29. Rb1 {(=)} Qc7 30. Qb4 b6 31. Bc6 Nd3 32. Qb5 Rc8
33. a4 Qe7 34. a5 Be5 35. Ka2 Bf6 36. axb6 Qe2+ 37. Ka1 Qxf2 38. bxa7+ Kc7 39.
Qb8+ 1-0

[Event "Monarch Assurance Isle of Man 12th"]
[Site "Port Erin IOM"]
[Date "2003.10.02"]
[Round "6.7"]
[White "Luther, Thomas"]
[Black "Mikhalevski, Victor"]
[Result "0-1"]
[WhiteElo "2574"]
[BlackElo "2523"]
[PlyCount "66"]
[EventDate "2003.09.27"]
[EventType "swiss"]
[EventRounds "9"]
[EventCountry "IOM"]
[SourceTitle "BritBase"]
[SourceDate "2008.07.14"]
[SourceVersion "1"]
[SourceVersionDate "2008.07.14"]
[SourceQuality "2"]

1. e4 e5 2. Nf3 Nc6 3. Bb5 a6 4. Ba4 Nf6 5. O-O Nxe4 6. d4 b5 7. Bb3 d5 8. dxe5
Be6 9. Nbd2 Nc5 10. c3 Be7 11. Bc2 d4 12. Nb3 d3 13. Bb1 Nxb3 14. axb3 Bf5 15.
Be3 O-O 16. Nd4 Nxd4 17. cxd4 c5 18. Bxd3 cxd4 19. Bf4 Qd7 {(=)} 20. Qb1 Bg6
21. Bd2 Bxd3 22. Qxd3 f6 23. Rfe1 fxe5 24. Rxe5 Bf6 25. Rh5 g6 26. Rc5 Bg7 27.
f4 Rae8 28. Rxa6 Qg4 29. Ra1 Re2 30. Rg5 Rxg2+ 31. Kh1 Qe2 32. Qxe2 Rxe2 33.
Rd1 Bh6 {both scores illegible... 56 moves} 0-1

[Event "Monarch Assurance Isle of Man 12th"]
[Site "Port Erin IOM"]
[Date "2003.10.02"]
[Round "6.8"]
[White "Sandipan, Chanda"]
[Black "Halkias, Stelios"]
[Result "1-0"]
[WhiteElo "2469"]
[BlackElo "2560"]
[PlyCount "73"]
[EventDate "2003.09.27"]
[EventType "swiss"]
[EventRounds "9"]
[EventCountry "IOM"]
[SourceTitle "BritBase"]
[SourceDate "2008.07.14"]
[SourceVersion "1"]
[SourceVersionDate "2008.07.14"]
[SourceQuality "2"]

1. e4 c5 2. Nf3 e6 3. d4 cxd4 4. Nxd4 Nc6 5. Nb5 d6 6. c4 Nf6 7. N1c3 a6 8. Na3
Be7 9. Be2 O-O 10. O-O b6 11. Be3 Rb8 12. Qb3 Ne5 13. f3 Qc7 14. Rac1 Ned7 15.
Rfd1 Bb7 16. Kh1 Ba8 17. Qa4 Bb7 18. b4 Rbc8 19. Qb3 Qb8 20. Nab1 Bd8 21. Rc2
Bc7 22. Bg1 Kh8 23. Rb2 Qa8 24. c5 d5 25. exd5 Nxd5 26. Nxd5 Bxd5 27. Qa3 Be5
28. Rbd2 bxc5 29. bxc5 Rc6 30. Rxd5 exd5 31. Rxd5 Qc8 32. f4 Bf6 33. Bg4 Rd8
34. Qh3 Qb8 35. Bxd7 Rc7 36. c6 Rcxd7 37. Rxd7 1-0

[Event "Monarch Assurance Isle of Man 12th"]
[Site "Port Erin IOM"]
[Date "2003.10.02"]
[Round "6.9"]
[White "Psakhis, Lev"]
[Black "Williams, Simon K"]
[Result "1-0"]
[WhiteElo "2550"]
[BlackElo "2381"]
[PlyCount "49"]
[EventDate "2003.09.27"]
[EventType "swiss"]
[EventRounds "9"]
[EventCountry "IOM"]
[SourceTitle "BritBase"]
[SourceDate "2008.07.14"]
[SourceVersion "1"]
[SourceVersionDate "2008.07.14"]
[SourceQuality "2"]

1. e4 c5 2. Nf3 d6 3. d4 Nf6 4. Nc3 cxd4 5. Nxd4 g6 6. Be3 Bg7 7. f3 Nc6 8. Qd2
O-O 9. O-O-O Bd7 10. g4 Rc8 11. h4 Ne5 12. Kb1 b5 13. h5 Nxf3 14. Nxf3 Bxg4 15.
Bg2 b4 16. Nd5 Nxe4 17. Qxb4 e6 18. h6 Bh8 19. Qxe4 Bf5 20. Qxf5 exf5 21. Bg5
f6 22. Bc1 Re8 23. Nd4 Qa5 24. Rh3 Re4 25. Bxe4 1-0

[Event "Monarch Assurance Isle of Man 12th"]
[Site "Port Erin IOM"]
[Date "2003.10.02"]
[Round "6.10"]
[White "Zatonskih, Anna"]
[Black "Hebden, Mark"]
[Result "0-1"]
[WhiteElo "2423"]
[BlackElo "2544"]
[PlyCount "82"]
[EventDate "2003.09.27"]
[EventType "swiss"]
[EventRounds "9"]
[EventCountry "IOM"]
[SourceTitle "BritBase"]
[SourceDate "2008.07.14"]
[SourceVersion "1"]
[SourceVersionDate "2008.07.14"]
[SourceQuality "2"]

1. e4 e5 2. Nf3 Nc6 3. Bb5 a6 4. Ba4 Nf6 5. O-O Be7 6. Re1 b5 7. Bb3 O-O 8. h3
Bb7 9. d3 d6 10. a3 Na7 11. Nbd2 c5 12. Nf1 h6 13. Ba2 Re8 14. Nh4 d5 15. exd5
Bxd5 16. Bxd5 Qxd5 17. Ne3 Qe6 18. Nhf5 Nc6 19. Nxe7+ Rxe7 20. Bd2 Rd8 21. Qc1
e4 22. dxe4 Nxe4 23. Nf1 Qg6 24. Be3 Ne5 25. Nh2 Rde8 26. f3 Ng3 27. Bxc5 Nxf3+
28. Nxf3 Rxe1+ 29. Qxe1 Rxe1+ 30. Nxe1 Ne2+ 31. Kf1 Nf4 32. Bf2 Qf6 33. Rb1 Qe6
34. Ra1 g5 35. Kg1 h5 36. Nd3 Nxd3 37. cxd3 Qb3 38. Bd4 Qxd3 39. Bc3 f5 40. Re1
f4 41. Re5 g4 0-1

[Event "Monarch Assurance Isle of Man 12th"]
[Site "Port Erin IOM"]
[Date "2003.10.02"]
[Round "6.11"]
[White "Motwani, Paul"]
[Black "Wells, Peter K"]
[Result "1/2-1/2"]
[WhiteElo "2525"]
[BlackElo "2481"]
[PlyCount "81"]
[EventDate "2003.09.27"]
[EventType "swiss"]
[EventRounds "9"]
[EventCountry "IOM"]
[SourceTitle "BritBase"]
[SourceDate "2008.07.14"]
[SourceVersion "1"]
[SourceVersionDate "2008.07.14"]
[SourceQuality "2"]

1. Nf3 c5 2. c4 Nc6 3. d4 cxd4 4. Nxd4 Nf6 5. Nc3 e6 6. g3 Qb6 7. Ndb5 Ne5 8.
Bf4 Nfg4 9. e3 a6 10. h3 axb5 11. hxg4 Nxc4 12. Qb3 d5 13. Bxc4 dxc4 14. Qxb5+
Qxb5 15. Nxb5 Bb4+ 16. Ke2 O-O 17. Bd6 Bxd6 18. Nxd6 e5 19. Nxc8 Rfxc8 20. Rhd1
Rc5 21. Rd7 Rb5 22. b3 cxb3 23. axb3 Rf8 24. Rb1 Rb4 25. Re7 e4 26. Kd2 f5 27.
Rc1 fxg4 28. Rcc7 Rxf2+ 29. Kc3 Rb6 30. Rxg7+ Kf8 31. Rxh7 Rc6+ 32. Kd4 Rxc7
33. Rxc7 Rf3 34. Rxb7 Rxg3 35. Kxe4 Rg1 36. Kf4 g3 37. b4 g2 38. Kf3 Re1 39.
Kxg2 Rxe3 40. Kf2 Rb3 41. Ke2 1/2-1/2

[Event "Monarch Assurance Isle of Man 12th"]
[Site "Port Erin IOM"]
[Date "2003.10.02"]
[Round "6.13"]
[White "Hunt, Harriet"]
[Black "Al Modiahki, Mohamad"]
[Result "0-1"]
[WhiteElo "2402"]
[BlackElo "2574"]
[PlyCount "122"]
[EventDate "2003.09.27"]
[EventType "swiss"]
[EventRounds "9"]
[EventCountry "IOM"]
[SourceTitle "BritBase"]
[SourceDate "2008.07.14"]
[SourceVersion "1"]
[SourceVersionDate "2008.07.14"]
[SourceQuality "2"]

1. e4 c5 2. Nf3 e6 3. b3 b6 4. d4 cxd4 5. Nxd4 Bb7 6. Bd3 Bc5 7. Nf3 Nf6 8. Qe2
d5 9. e5 Ne4 10. O-O f5 11. a3 a5 12. Bb2 O-O 13. Nc3 Nc6 14. Na4 Ng5 15. Nxg5
Qxg5 16. Nxc5 bxc5 17. f4 Qe7 18. a4 Rfc8 19. Ba3 Nb4 20. Bb5 d4 21. Rfd1 Rd8
22. Qf2 Kh8 23. Bc4 Be4 24. Bxb4 axb4 25. a5 g5 26. fxg5 Rg8 27. a6 Qxg5 28.
Bf1 f4 29. Re1 Bd5 30. Ra5 Raf8 31. a7 Ba8 32. Rxc5 Bxg2 33. Bxg2 f3 34. Ra1
fxg2 35. Qxf8 Rxf8 36. a8=Q Rxa8 37. Rxa8+ Kg7 38. Ra7+ Kh6 39. Rcc7 Qxe5 40.
Kxg2 Qe4+ 41. Kf2 Qe3+ 42. Kg2 Kg6 43. Rg7+ Kf6 44. Rac7 h5 45. Rgf7+ Ke5 46.
Rf3 Qg5+ 47. Rg3 Qd2+ 48. Kh3 Kd6 49. Rc4 e5 50. Rg2 Qe3+ 51. Rg3 Qf4 52. Rxb4
Qf5+ 53. Kh4 Qxc2 54. h3 Qf2 55. Rb6+ Kc5 56. Rbg6 d3 57. Kxh5 d2 58. Rg1 Qf3+
59. Kh4 d1=Q 60. Rxd1 Qxd1 61. Kg5 e4 0-1

[Event "Monarch Assurance Isle of Man 12th"]
[Site "Port Erin IOM"]
[Date "2003.10.02"]
[Round "6.14"]
[White "Pert, Richard"]
[Black "Emms, John"]
[Result "1/2-1/2"]
[WhiteElo "2380"]
[BlackElo "2520"]
[PlyCount "24"]
[EventDate "2003.09.27"]
[EventType "swiss"]
[EventRounds "9"]
[EventCountry "IOM"]
[SourceTitle "BritBase"]
[SourceDate "2008.07.14"]
[SourceVersion "1"]
[SourceVersionDate "2008.07.14"]
[SourceQuality "2"]

1. c4 c5 2. Nc3 g6 3. g3 Bg7 4. Bg2 Nc6 5. e3 d6 6. Nge2 Nf6 7. O-O O-O 8. b3
a6 9. Bb2 Bd7 10. d4 Rb8 11. dxc5 dxc5 12. Qd2 Qc8 1/2-1/2

[Event "Monarch Assurance Isle of Man 12th"]
[Site "Port Erin IOM"]
[Date "2003.10.02"]
[Round "6.15"]
[White "Aagaard, Jacob"]
[Black "Arkell, Keith"]
[Result "1/2-1/2"]
[WhiteElo "2360"]
[BlackElo "2513"]
[PlyCount "119"]
[EventDate "2003.09.27"]
[EventType "swiss"]
[EventRounds "9"]
[EventCountry "IOM"]
[SourceTitle "BritBase"]
[SourceDate "2008.07.14"]
[SourceVersion "1"]
[SourceVersionDate "2008.07.14"]
[SourceQuality "2"]

1. e4 c6 2. Nc3 d5 3. d4 dxe4 4. Nxe4 Nd7 5. Ng5 Ngf6 6. Bd3 e6 7. N1f3 Be7 8.
Qe2 h6 9. Ne4 c5 10. Nxf6+ Nxf6 11. dxc5 Bxc5 12. Bd2 Bd7 13. Ne5 Qe7 14. O-O-O
O-O-O 15. Be3 Bxe3+ 16. Qxe3 Nd5 17. Qd4 Be8 18. Nf3 Bc6 19. Qxa7 Nf4 20. Qa8+
Kc7 21. Qa5+ Kb8 22. Be4 Bxe4 23. Qe5+ Qc7 24. Qxe4 Nxg2 25. Rdg1 Nf4 26. Kb1
f6 27. h4 e5 28. Rd1 Qc5 29. a3 Rhe8 30. Rhg1 g5 31. hxg5 hxg5 32. Rh1 g4 33.
Nh2 Qc8 34. Rxd8 Rxd8 35. Rg1 Rd4 36. Qe3 Nh3 37. Rh1 Qc6 38. Rf1 Qg2 39. Qg3
Qe4 40. f3 Qe2 41. fxg4 Nf4 42. Qf2 Rd1+ 43. Ka2 Rd2 44. Qxe2 Rxe2 45. Nf3 Rxc2
46. g5 fxg5 47. Nxg5 Nd3 48. Kb3 Rg2 49. Ne4 Re2 50. Rf8+ Kc7 51. Rf7+ Kb6 52.
Rf6+ Kc7 53. Rf7+ Kb8 54. Nd6 Nc1+ 55. Kc3 Na2+ 56. Kc4 Rxb2 57. Nb5 b6 58.
Rf8+ Kb7 59. Rf7+ Kb8 60. Rf8+ 1/2-1/2

[Event "Monarch Assurance Isle of Man 12th"]
[Site "Port Erin IOM"]
[Date "2003.10.02"]
[Round "6.16"]
[White "Mannion, Stephen"]
[Black "Moreno Carnero, Javier"]
[Result "0-1"]
[WhiteElo "2339"]
[BlackElo "2512"]
[PlyCount "104"]
[EventDate "2003.09.27"]
[EventType "swiss"]
[EventRounds "9"]
[EventCountry "IOM"]
[SourceTitle "BritBase"]
[SourceDate "2008.07.14"]
[SourceVersion "1"]
[SourceVersionDate "2008.07.14"]
[SourceQuality "2"]

1. d4 e6 2. Nf3 Nf6 3. Bf4 Be7 4. h3 b6 5. e3 c5 6. Nbd2 cxd4 7. exd4 O-O 8. c3
d6 9. Be2 Ba6 10. O-O Bxe2 11. Qxe2 Nbd7 12. Rfe1 Re8 13. Bh2 h6 14. Nc4 Qc7
15. Rad1 Bf8 16. Ne3 Qb7 17. Ng4 b5 18. a3 a5 19. Nd2 Rec8 20. Qd3 Qc6 21. Re2
d5 22. Nxf6+ Nxf6 23. Nf3 b4 24. axb4 axb4 25. cxb4 Bxb4 26. Bf4 Qa6 27. Ne5
Qxd3 28. Nxd3 Be7 29. f3 Rc4 30. Ne5 Rcc8 31. Rb1 Ra4 32. Be3 Ne8 33. b3 Rb4
34. Nd3 Rb5 35. b4 Nd6 36. Nc5 Nc4 37. Bf2 Rcb8 38. Na6 R8b6 39. Ra2 Bxb4 40.
Nc7 Ra5 41. Rxa5 Bxa5 42. Rxb6 Bxb6 43. Nb5 Kf8 44. Kf1 Ba5 45. Ke2 Ke7 46. Be1
Bxe1 47. Kxe1 Ne3 48. Kf2 Nc2 49. Ke2 Kd7 50. Kd2 Kc6 51. Na7+ Kb6 52. Nc8+ Kc7
0-1

[Event "Monarch Assurance Isle of Man 12th"]
[Site "Port Erin IOM"]
[Date "2003.10.02"]
[Round "6.17"]
[White "Dannevig, Oystein"]
[Black "Pert, Nicholas"]
[Result "1-0"]
[WhiteElo "2331"]
[BlackElo "2483"]
[PlyCount "84"]
[EventDate "2003.09.27"]
[EventType "swiss"]
[EventRounds "9"]
[EventCountry "IOM"]
[SourceTitle "BritBase"]
[SourceDate "2008.07.14"]
[SourceVersion "1"]
[SourceVersionDate "2008.07.14"]
[SourceQuality "2"]

1. e4 e6 2. d4 d5 3. exd5 exd5 4. Nf3 Bg4 5. h3 Bh5 6. Qe2+ Qe7 7. Be3 Nc6 8.
Nc3 O-O-O 9. g4 Bg6 10. O-O-O Qe8 11. Ne5 Bb4 12. Nxg6 hxg6 13. Qd3 Nge7 14. a3
Ba5 15. Bg2 Kb8 16. Rhe1 Qd7 17. Re2 a6 18. Kb1 Rhe8 19. Na4 Ne5 20. dxe5 Qxa4
21. Bg5 d4 22. Qf3 Nd5 23. Bxd8 Rxd8 24. Qxf7 Qb5 25. Bxd5 Rxd5 26. c4 Qxc4 27.
Rc2 Qb5 28. a4 Qd7 29. Qxd7 Rxd7 30. e6 Re7 31. Rxd4 Rxe6 32. Rd7 b5 33. axb5
axb5 34. Rxg7 Kb7 35. h4 b4 36. Ka2 Rd6 37. Kb3 Rd3+ 38. Ka4 b3 39. Re2 Bb6 40.
Rxg6 Rf3 41. h5 Bxf2 42. Rxf2 Rxf2 1-0

[Event "Monarch Assurance Isle of Man 12th"]
[Site "Port Erin IOM"]
[Date "2003.10.02"]
[Round "6.18"]
[White "Molander, Riku"]
[Black "Del Rio Angelis, Salvador Gabriel"]
[Result "0-1"]
[WhiteElo "2324"]
[BlackElo "2479"]
[PlyCount "50"]
[EventDate "2003.09.27"]
[EventType "swiss"]
[EventRounds "9"]
[EventCountry "IOM"]
[SourceTitle "BritBase"]
[SourceDate "2008.07.14"]
[SourceVersion "1"]
[SourceVersionDate "2008.07.14"]
[SourceQuality "2"]

1. e4 e6 2. d4 d5 3. e5 c5 4. c3 Nc6 5. Nf3 Bd7 6. Be2 Nge7 7. O-O Ng6 8. a3
cxd4 9. cxd4 Be7 10. Nc3 O-O 11. Bd3 f6 12. Re1 fxe5 13. Nxe5 Ncxe5 14. dxe5
Bc5 15. Re2 Qh4 16. g3 Qg4 17. Bxg6 hxg6 18. Be3 d4 19. Rd2 Qf5 20. g4 Qf7 21.
Ne4 dxe3 22. Rxd7 exf2+ 23. Kf1 Qf4 24. Nxc5 Qxh2 25. Qd6 Qh1+ 0-1

[Event "Monarch Assurance Isle of Man 12th"]
[Site "Port Erin IOM"]
[Date "2003.10.02"]
[Round "6.20"]
[White "Ryan, Joseph"]
[Black "Lane, Gary W"]
[Result "0-1"]
[WhiteElo "2291"]
[BlackElo "2412"]
[PlyCount "82"]
[EventDate "2003.09.27"]
[EventType "swiss"]
[EventRounds "9"]
[EventCountry "IOM"]
[SourceTitle "BritBase"]
[SourceDate "2008.07.14"]
[SourceVersion "1"]
[SourceVersionDate "2008.07.14"]
[SourceQuality "2"]

1. d4 Nf6 2. Nf3 g6 3. c4 Bg7 4. Nc3 O-O 5. e4 d6 6. Be2 e5 7. O-O Na6 8. Be3
Ng4 9. Bg5 Qe8 10. dxe5 dxe5 11. h3 h6 12. Bd2 Nf6 13. Be3 Qe7 14. Nd5 Qd8 15.
Nxf6+ Qxf6 16. c5 Nb8 17. b4 a6 18. a4 Nc6 19. b5 Rd8 20. Qc1 Nd4 21. Bxd4 exd4
22. Ra3 axb5 23. axb5 Rxa3 24. Qxa3 Qe7 25. Bd3 Bf8 26. Rc1 b6 27. Qb2 bxc5 28.
Nd2 Qg5 29. Kh1 Be6 30. Bc4 Bxc4 31. Nxc4 h5 32. Rd1 Qf4 33. Re1 d3 34. f3 d2
35. Rd1 Rd4 36. Qc2 Bh6 37. Kg1 Qg3 38. Qc3 Rxc4 39. Qxc4 Qe1+ 40. Qf1 Be3+ 41.
Kh2 Bf2 0-1

[Event "Monarch Assurance Isle of Man 12th"]
[Site "Port Erin IOM"]
[Date "2003.10.02"]
[Round "6.21"]
[White "Prasad, Devaki V"]
[Black "Grant, Alan"]
[Result "1-0"]
[WhiteElo "2407"]
[BlackElo "2270"]
[PlyCount "61"]
[EventDate "2003.09.27"]
[EventType "swiss"]
[EventRounds "9"]
[EventCountry "IOM"]
[SourceTitle "BritBase"]
[SourceDate "2008.07.14"]
[SourceVersion "1"]
[SourceVersionDate "2008.07.14"]
[SourceQuality "2"]

1. e4 c5 2. Nf3 d6 3. d4 cxd4 4. Nxd4 Nf6 5. Nc3 a6 6. Be2 e5 7. Nb3 Be6 8. Be3
Nbd7 9. O-O Be7 10. f4 Rc8 11. a4 O-O 12. Kh1 Re8 13. f5 Bc4 14. g4 h6 15. Rg1
Nh7 16. Bxc4 Rxc4 17. Qd3 Rc8 18. a5 Qc7 19. Ra4 Qc6 20. Rb4 Red8 21. Nd5 Kf8
22. c4 Nc5 23. Nxc5 dxc5 24. Rb6 Qd7 25. Qb3 Rb8 26. Bxh6 gxh6 27. Qh3 Bg5 28.
Rxh6 Bxh6 29. Qxh6+ Ke8 30. Qxh7 Qd6 31. g5 1-0

[Event "Monarch Assurance Isle of Man 12th"]
[Site "Port Erin IOM"]
[Date "2003.10.02"]
[Round "6.22"]
[White "Porat, David"]
[Black "Grunberg, Mihai"]
[Result "0-1"]
[WhiteElo "2235"]
[BlackElo "2406"]
[PlyCount "93"]
[EventDate "2003.09.27"]
[EventType "swiss"]
[EventRounds "9"]
[EventCountry "IOM"]
[SourceTitle "BritBase"]
[SourceDate "2008.07.14"]
[SourceVersion "1"]
[SourceVersionDate "2008.07.14"]
[SourceQuality "2"]

1. d4 f5 2. g3 Nf6 3. Bg2 g6 4. Nh3 Bg7 5. Nf4 d6 6. c3 e5 7. dxe5 dxe5 8.
Qxd8+ Kxd8 9. Nd3 e4 10. Ne5 Re8 11. Bf4 Nc6 12. Nxc6+ bxc6 13. Nd2 Ba6 14. c4
Kc8 15. Rb1 Rb8 16. b3 c5 17. O-O Bb7 18. Rfd1 Ng4 19. Nf1 Bd4 20. Ne3 Nxe3 21.
Bxe3 Bxe3 22. fxe3 Bc6 23. Kf2 a5 24. Ke1 h5 25. h4 Kb7 26. Kd2 Red8+ 27. Kc3
Rd6 28. a3 Rbd8 29. Rxd6 cxd6 30. a4 Kc7 31. Bh3 Kd7 32. Rf1 Ke6 33. Bg2 Rb8
34. Ra1 Rb4 35. Kc2 d5 36. cxd5+ Bxd5 37. Ra3 c4 38. bxc4 Rxc4+ 39. Kd2 Bc6 40.
Rb3 Bxa4 41. Rb8 Rc2+ 42. Ke1 Rc1+ 43. Kf2 Bc6 44. Rg8 Kf7 45. Rc8 a4 46. Rc7+
Ke6 47. Ra7 0-1

[Event "Monarch Assurance Isle of Man 12th"]
[Site "Port Erin IOM"]
[Date "2003.10.02"]
[Round "6.23"]
[White "Menacher, Manfred"]
[Black "Cioara, Andrei N"]
[Result "1-0"]
[WhiteElo "2327"]
[BlackElo "2394"]
[PlyCount "103"]
[EventDate "2003.09.27"]
[EventType "swiss"]
[EventRounds "9"]
[EventCountry "IOM"]
[SourceTitle "BritBase"]
[SourceDate "2008.07.14"]
[SourceVersion "1"]
[SourceVersionDate "2008.07.14"]
[SourceQuality "2"]

1. d4 e6 2. Nf3 Nf6 3. Bg5 c5 4. e3 cxd4 5. exd4 Be7 6. Bd3 b6 7. Nbd2 Bb7 8.
c3 Nc6 9. Qe2 O-O 10. O-O-O Nd5 11. h4 f5 12. g4 Bxg5 13. hxg5 Nf4 14. Qe3 Qc7
15. Kb1 Ne7 16. Bc2 g6 17. Rh2 Ned5 18. Qe5 Qxe5 19. Nxe5 d6 20. Nec4 Rad8 21.
gxf5 gxf5 22. Re1 Rf7 23. Ne3 b5 24. Bb3 Re8 25. Rh6 Rfe7 26. a3 Ng6 27. Kc2
Nxe3+ 28. Rxe3 Nf4 29. Rf6 Bd5 30. Rh6 Bxb3+ 31. Nxb3 Rg7 32. Rg3 Rg6 33. Na5
Kg7 34. Nb7 d5 35. Nc5 e5 36. Rh4 Ne6 37. Nd7 e4 38. Nf6 Rh8 39. Nxd5 f4 40.
Nxf4 Nxf4 41. Rxf4 Re8 42. Rf5 a6 43. Kd2 Rge6 44. Ke3 Kg6 45. Rc5 Rf8 46. Rh3
Re7 47. Rh6+ Kg7 48. Re5 Ref7 49. Kxe4 Rxf2 50. b4 Rc8 51. Rxa6 Rxc3 52. Rxb5
1-0

[Event "Monarch Assurance Isle of Man 12th"]
[Site "Port Erin IOM"]
[Date "2003.10.02"]
[Round "6.24"]
[White "Bentley, John"]
[Black "Maze, Sebastien"]
[Result "0-1"]
[WhiteElo "2211"]
[BlackElo "2412"]
[PlyCount "55"]
[EventDate "2003.09.27"]
[EventType "swiss"]
[EventRounds "9"]
[EventCountry "IOM"]
[SourceTitle "BritBase"]
[SourceDate "2008.07.14"]
[SourceVersion "1"]
[SourceVersionDate "2008.07.14"]
[SourceQuality "2"]

1. d4 Nf6 2. c4 e6 3. Nc3 Bb4 4. Bg5 c5 5. d5 h6 6. Bh4 g5 7. Bg3 Ne4 8. Be5
Rf8 9. Qc2 f5 10. f3 Nxc3 11. Bxc3 Qa5 12. e3 Na6 13. Bd3 Bxc3+ 14. bxc3 d6 15.
Rb1 Qc7 16. Ne2 e5 17. g4 fxg4 18. fxg4 Bxg4 19. Bg6+ Kd8 20. h4 Bf3 21. Rh2 g4
22. Ng3 Nb8 23. Bf5 Nd7 24. Be6 e4 25. Nf5 Ne5 26. Nxd6 Qxd6 27. Rxb7 Nd3+ 28.
Kd2 0-1

[Event "Monarch Assurance Isle of Man 12th"]
[Site "Port Erin IOM"]
[Date "2003.10.02"]
[Round "6.25"]
[White "Bae, Torstein"]
[Black "Allen, Keith"]
[Result "0-1"]
[WhiteElo "2366"]
[BlackElo "2224"]
[PlyCount "66"]
[EventDate "2003.09.27"]
[EventType "swiss"]
[EventRounds "9"]
[EventCountry "IOM"]
[SourceTitle "BritBase"]
[SourceDate "2008.07.14"]
[SourceVersion "1"]
[SourceVersionDate "2008.07.14"]
[SourceQuality "2"]

1. Nf3 f5 2. e4 fxe4 3. Ng5 Nc6 4. d3 e3 5. Bxe3 e5 6. c4 Nf6 7. Nc3 Bb4 8.
Nge4 Nxe4 9. dxe4 O-O 10. c5 b6 11. Bc4+ Kh8 12. cxb6 axb6 13. O-O Bc5 14. Nd5
Ba6 15. Qe2 Nd4 16. Bxd4 Bxc4 17. Qxc4 Bxd4 18. Rad1 Qh4 19. Rxd4 exd4 20. Qxd4
Rxa2 21. Nxc7 Qf6 22. e5 Qf4 23. Qxb6 Qxe5 24. b4 h6 25. g3 Rb2 26. Na6 d6 27.
Nb8 Rf7 28. Nc6 Qe4 29. b5 Kh7 30. Qb8 Rfxf2 31. Rxf2 Qe1+ 32. Rf1 Qe3+ 33. Kh1
Qe4+ 0-1

[Event "Monarch Assurance Isle of Man 12th"]
[Site "Port Erin IOM"]
[Date "2003.10.02"]
[Round "6.26"]
[White "Valaker, Ole J"]
[Black "Thompson, Ian D"]
[Result "1-0"]
[WhiteElo "2207"]
[BlackElo "2290"]
[PlyCount "109"]
[EventDate "2003.09.27"]
[EventType "swiss"]
[EventRounds "9"]
[EventCountry "IOM"]
[SourceTitle "BritBase"]
[SourceDate "2008.07.14"]
[SourceVersion "1"]
[SourceVersionDate "2008.07.14"]
[SourceQuality "2"]

1. d4 Nf6 2. Nf3 g6 3. Bg5 Bg7 4. Nbd2 O-O 5. c3 d6 6. e4 c5 7. dxc5 dxc5 8.
Be2 Nc6 9. O-O Qc7 10. Bh4 b6 11. Re1 Bb7 12. Qc2 Rad8 13. a4 Nh5 14. Nc4 Nf4
15. Bf1 h6 16. Ne3 g5 17. Bg3 e6 18. h4 Qe7 19. hxg5 hxg5 20. Ng4 f6 21. Rad1
Ng6 22. Ne3 Na5 23. Nd2 Nf4 24. Ndc4 Nxc4 25. Bxc4 Kh8 26. f3 Rxd1 27. Rxd1 Rd8
28. Rxd8+ Qxd8 29. Bxf4 gxf4 30. Ng4 Bc8 31. Qc1 f5 32. exf5 exf5 33. Nf2 Qd6
34. Nh3 Bd7 35. Ng5 Qf8 36. Qxf4 Bh6 37. Qe5+ Qg7 38. Qb8+ Qf8 39. Qe5+ Qg7 40.
Qb8+ Qf8 41. Nf7+ Kh7 42. Qxa7 Qe8 43. Nxh6 Qe1+ 44. Bf1 Qe3+ 45. Kh2 Qxh6+ 46.
Kg3 Qg5+ 47. Kf2 Qd2+ 48. Be2 f4 49. Qb7 Qe3+ 50. Kf1 Qc1+ 51. Kf2 Qe3+ 52. Ke1
Qg1+ 53. Kd2 Qe3+ 54. Kd1 Qe6 55. Bb5 1-0

[Event "Monarch Assurance Isle of Man 12th"]
[Site "Port Erin IOM"]
[Date "2003.10.02"]
[Round "6.27"]
[White "Timmermans, Ivo"]
[Black "Gabrielsen, Trond"]
[Result "1-0"]
[WhiteElo "2213"]
[BlackElo "2228"]
[PlyCount "65"]
[EventDate "2003.09.27"]
[EventType "swiss"]
[EventRounds "9"]
[EventCountry "IOM"]
[SourceTitle "BritBase"]
[SourceDate "2008.07.14"]
[SourceVersion "1"]
[SourceVersionDate "2008.07.14"]
[SourceQuality "2"]

1. e4 c5 2. Nf3 Nc6 3. d4 cxd4 4. Nxd4 Nf6 5. Nc3 e5 6. Ndb5 d6 7. Bg5 a6 8.
Na3 b5 9. Bxf6 gxf6 10. Nd5 f5 11. Bd3 Be6 12. O-O Bxd5 13. exd5 Ne7 14. c3 Bg7
15. Qh5 e4 16. Bc2 Qc8 17. Rae1 O-O 18. f3 b4 19. cxb4 Bxb2 20. fxe4 Bxa3 21.
Re3 Qxc2 22. Rg3+ Ng6 23. Rh3 Rfe8 24. exf5 Re2 25. Qxh7+ Kf8 26. f6 Rxg2+ 27.
Kh1 Qe4 28. Qh6+ Ke8 29. Re3 Re2+ 30. Rxe4+ Rxe4 31. Rg1 Kd8 32. Rxg6 fxg6 33.
Qf8+ 1-0